Contribució a l'osteologia comparada del cavall i de l'ase. Zootècnia de la raça asinal catalana / per M. Rossell i Vilà
Descripción Física:
54 p., [12] làm. ; 24 cm
MARC
| LEADER | 00000nam a2200000Ia 4500 | ||
|---|---|---|---|
| 001 | 393 | ||
| 008 | 160829s1921 xx 000 0 cat d | ||
| 710 | 2 | |a Catalunya. |b Mancomunitat |9 53015 | |
| 710 | 2 | |a Escola Superior d'Agricultura de Barcelona |9 70055 | |
| 952 | |0 0 |1 0 |4 0 |6 C1445 |7 1 |9 46305 |a Arxiu |b Arxiu |d 2016-12-01 |l 0 |o C-1-445 |p 393 |r 2016-12-01 00:00:00 |w 2016-12-01 |y ARXIU | ||
| 999 | |c 49812 |d 49812 | ||
| 080 | |a C-1-445 | ||
| 100 | |a Rossell i Vilar, Pere Màrtir |9 29189 | ||
| 245 | |a Contribució a l'osteologia comparada del cavall i de l'ase. Zootècnia de la raça asinal catalana / per M. Rossell i Vilà | ||
| 260 | |a Barcelona : |b [l'Escola], |c 1921 | ||
| 300 | |a 54 p., [12] làm. ; |c 24 cm | ||
| 490 | |a Arxius de l'Escola Superior d'Agricultura ; fascicle 1 | ||
| 590 | |a Hi ha un duplicat a: DUP-243 | ||
| 650 | |a Ases |x Esquelet |9 33472 | ||
| 650 | |a Cavalls |x Esquelet |9 33473 | ||
| 901 | |a Arxiu | ||
| 942 | |n 1 |2 udc | ||